| 000 | 01203cam a22002534a 4500 | ||
|---|---|---|---|
| 005 | 20250605164405.0 | ||
| 008 | 250528s ||||||||||||||||||||||||d | ||
| 035 | _a24778 | ||
| 020 | _a9603992135 | ||
| 040 |
_aGR-AtMCL _bgre _dGR-AtMCL _eAACR2 |
||
| 245 | 1 | _aΒασικές Αρχές Νευροεπιστημών 2 | |
| 260 |
_bΙατρικές Εκδόσεις Π. Χ. Πασχαλίδης, _c2006 |
||
| 300 | _a1172 | ||
| 520 | _aΠρόλογος Ελληνικής και Αγγλικής Έκδοσης, Η Νευροβιολογία της Συμπεριφοράς, Κυτταρική και Μοριακή Βιολογία του Νευρώνα, Στοιχειώσης Αλληλεπίδραση Νευρώνων: Η Συναπτική Διαβίβαση, Η Νευρωνική Βάση των Γνωστικών Λειτουργιών, Αντίληψη, Κίνηση. | ||
| 700 | 1 |
_aJessell Thomas M _97052 |
|
| 700 | 1 |
_aKandel Eric R _97053 |
|
| 700 | 1 |
_aSchwartz James H _97054 |
|
| 700 | 1 |
_aΒασιλόπουλος Δημήτριος _99541 |
|
| 700 | 1 |
_aΣολδάτος Κωνσταντίνος _99542 |
|
| 942 | _cBK | ||
| 999 |
_c9629 _d9629 |
||